Statistics for Haiti... or Dominican Republic?

Click here to take the quiz!

General Stats

  • This quiz has been taken 28,456 times
  • The average score is 12 of 15

Answer Stats

QuestionAnswer% Correct
Its capital city is Santo DomingoDominican Republic
94%
Has a higher GDP per capitaDominican Republic
92%
Was a French colonyHaiti
92%
An earthquake killed over 100,000 people in 2010Haiti
92%
Is known for Vodou (aka Voodoo)Haiti
89%
Has the larger land areaDominican Republic
88%
Is further eastDominican Republic
86%
95% of the population is blackHaiti
84%
Baseball is the most popular sportDominican Republic
80%
Fashion designer Oscar de la Renta was born thereDominican Republic
79%
Has two official languagesHaiti
79%
Is known for its cigarsDominican Republic
78%
Became an independent state firstHaiti
75%
Home to the first permanent European settlement in the AmericasDominican Republic
68%
Was ruled by dictators "Papa Doc" and "Baby Doc"Haiti
67%

Score Distribution

Percentile by Number Answered

Percent of People with Each Score

Your Score History

You have not taken this quiz